Cidades de Alagoas - Statistics

Estatísticas Gerais
  • Esse quiz foi jogado 305 vezes
    300 desde o último reset
  • A pontuação média é 42 de 102
Estatísticas das Respostas
Inicial Município % Correto
A Arapiraca
90%
M Maceió
88%
P Palmeira dos Índios
75%
P Penedo
74%
M Maragogi
73%
M Marechal Deodoro
69%
A Anadia
67%
C Coruripe
67%
R Rio Largo
63%
A Atalaia
62%
B Barra de São Miguel
61%
B Batalha
61%
D Delmiro Gouveia
60%
S Santana do Ipanema
59%
U União dos Palmares
59%
P Pilar
58%
P Piranhas
58%
V Viçosa
57%
S São Miguel dos Campos
56%
S Satuba
56%
O Olho D'Água das Flores
54%
J Jacaré dos Homens
52%
M Murici
52%
S São Miguel dos Milagres
52%
L Limoeiro de Anadia
51%
B Barra de Santo Antônio
49%
P Paripueira
48%
I Inhapí
47%
A Água Branca
46%
I Igaci
46%
T Teotônio Vilela
46%
C Canapí
45%
B Boca da Mata
44%
B Branquinha
44%
O Olho D'Água do Casado
44%
D Dois Riachos
43%
S São Sebastião
43%
O Olivença
42%
T Traipú
42%
C Cacimbinhas
41%
C Campo Alegre
41%
E Estrela de Alagoas
41%
M Maribondo
41%
P Pão de Açúcar
41%
P Porto Calvo
41%
P Porto Real do Colégio
41%
Q Quebrangulo
41%
S São José da Tapera
41%
J Japaratinga
39%
M Mata Grande
39%
C Coité do Nóia
38%
C Craíbas
38%
I Igreja Nova
38%
M Messias
38%
M Mar Vermelho
37%
N Novo Lino
37%
P Piaçabuçu
37%
G Girau do Ponciano
36%
J Junqueiro
36%
M Minador do Negrão
36%
P Palestina
36%
S São José da Laje
36%
T Taquarana
36%
B Belém
35%
J Jaramataia
35%
O Olho D'Água Grande
35%
C Cajueiro
34%
C Capela
34%
F Feliz Deserto
34%
M Maravilha
34%
C Coqueiro Seco
33%
B Belo Monte
32%
J Jequiá da Praia
32%
M Major Isidoro
32%
C Campo Grande
31%
L Lagoa da Canoa
31%
P Pariconha
31%
S Senador Rui Palmeira
31%
F Feira Grande
30%
R Roteiro
30%
I Ibateguara
29%
J Joaquim Gomes
29%
O Ouro Branco
29%
S Santa Luzia do Norte
29%
C Chã Preta
28%
C Colônia Leopoldina
28%
M Monteirópolis
28%
P Porto de Pedras
27%
M Matriz de Camaragibe
24%
S São Luís do Quitunde
24%
C Carneiros
23%
P Pindoba
23%
S Santana do Mundaú
23%
P Paulo Jacinto
22%
T Tanque D'Arca
22%
C Campestre
21%
P Passo de Camaragibe
21%
P Poço das Trincheiras
20%
J Jacuípe
19%
J Jundiá
16%
S São Brás
16%
F Fleixeiras
15%
Nenhum quiz correspondente encontrado
Distribuição das Pontuações
Porcentagem de Pessoas com Cada Pontuação
Percentil de Números Respondidos
Sua Pontuação Histórica
Você não jogou esse quiz desde o último reset